00468 a2200169 450000100060000002000150000604000220002110000330004324000250007624500200010130000080012136200090012965000230013894200070016195201130016899900170028156699 a8573192569 cAnchieta - Pituba aMello, Maria do Carmo Vaz de10aGuia da mochilalpor10aGuia da mochila a1100 a2002 4aLiteratura juvenil cBK 00104070a91.1b91.1d2023-11-21l0oLJ 028.5 M527g MEL GUIp6292/PITr2023-11-21 18:24:12w2023-11-21yBK c56699d56699